| Tag |
First Indicator |
Second Indicator |
Subfields |
| LEADER |
00000cam a2200000ua 4500 |
| 001 |
in00001167821 |
| 005 |
20151001074007.0 |
| 007 |
he amb024baca |
| 008 |
881031s1918 xx b 000 0 eng d |
| 035 |
|
|
|a (OCoLC)23681850
|
| 035 |
|
|
|9 AGE8112AM
|
| 040 |
|
|
|a BUF
|c BUF
|d TXA
|d UtOrBLW
|
| 049 |
|
|
|a TXAI
|
| 099 |
|
|
|a fiche
|a C
|a 15747
|
| 100 |
1 |
|
|a Baer, John M.
|
| 245 |
1 |
0 |
|a Woman suffrage :
|b remarks of Hon. John M. Baer of North Dakota in the House of Representatives, January 19, 1918.
|
| 264 |
|
1 |
|a [Place of publication not identified] :
|b [publisher not identified],
|c 1918
|
| 264 |
|
3 |
|a Washington, D.C. :
|b U.S. Govt. Print. Off.
|
| 300 |
|
|
|a 8 pages ;
|c 24 cm.
|
| 336 |
|
|
|a text
|b txt
|2 rdacontent
|
| 337 |
|
|
|a microform
|b h
|2 rdamedia
|
| 338 |
|
|
|a microfiche
|b he
|2 rdacarrier
|
| 500 |
|
|
|a Cover title.
|
| 533 |
|
|
|a Microfiche.
|b Glen Rock, N.J. :
|c Microfilming Corp. of America,
|d 1978.
|e 1 microfiche ; 11 x 15 cm.
|f (Pamphlets in American history. Women ; WO 80)
|
| 539 |
|
|
|a s
|b 1978
|d nju
|e n
|
| 500 |
|
|
|a Microform.
|
| 650 |
|
0 |
|a Women
|x Suffrage.
|
| 650 |
|
0 |
|a Women's rights.
|
| 830 |
|
0 |
|a Pamphlets in American history.
|p Women ;
|v WO 80.
|
| 999 |
|
|
|a MARS
|
| 999 |
f |
f |
|s 7a96956b-d8fb-3197-bb3d-468668fb182c
|i e4ad3e25-b173-374e-9a98-76b3d25f0cc5
|t 0
|
| 952 |
f |
f |
|p default
|a Texas A&M University
|b College Station
|c Sterling C. Evans Library
|d Evans: Microforms (3rd floor)
|t 0
|e fiche C 15747
|h Other scheme
|i microform -- microfiche
|
| 998 |
f |
f |
|a fiche C 15747
|t 0
|l Evans: Microforms (3rd floor)
|